[Event "Tatarstan-ch op"]
[Site "Kazan"]
[Date "2012.09.06"]
[Round "4"]
[White "Pirmamedov, Roman"]
[Black "Shakirov, Rail"]
[Result "0-1"]
[WhiteElo "1806"]
[BlackElo "2110"]
[PlyCount "103"]
[EventDate "2012.09.03"]
[EventType "swiss"]
[EventRounds "9"]
[EventCountry "RUS"]
[SourceTitle "CBM 150 Extra"]
[Source "ChessBase"]
[SourceDate "2012.10.19"]
[SourceVersion "1"]
[SourceVersionDate "2012.10.19"]
[SourceQuality "1"]

1. e4 e6 2. d4 d5 3. Nc3 Bb4 4. e5 c5 5. a3 Ba5 6. b4 cxd4 7. Nb5 Bc7 8. f4 a6 9. Nxd4 Nc6 10. Ngf3 Bb6 11. c3 Bd7 12. Be3 Nge7 13. Bd3 Rc8 14. Rc1 g6 15. g4 Nxd4 16. cxd4 Bb5 17. Bxb5+ axb5 18. 0-0 0-0 19. Qe1 Nc6 20. Qg3 Ra8 21. Rc3 f5 22. g5 Qe7 23. h4 Ra4 24. h5 Qg7 25. hxg6 hxg6 26. Rd3 Kf7 27. Rf2 Rh8 28. Bc1 Raa8 29. Rdd2 Rh5 30. Bb2 Rah8 31. Rh2 R8h7 32. Bc3 Qh8 33. Rxh5 Rxh5 34. Rh2 Kg7 35. Kg2 Nb8 36. Rxh5 Qxh5 37. Qh3 Qxh3+ 38. Kxh3 Nd7 39. Ne1 Ba7 40. Nd3 Nb8 41. Nc5 Bxc5 42. bxc5 Kf7 43. Kg3 Ke7 44. Kf3 Kd7 45. Ke3 Kc6 46. Kd3 Na6 47. Ba5 Nb8 48. Be1 b6 49. cxb6 Kxb6 50. Bb4 Na6 51. Kc3 Nc7 52. Be7 0-1

[Event "Tatarstan-ch op"]
[Site "Kazan"]
[Date "2012.09.04"]
[Round "2"]
[White "Faizrakhmanov, Ilmir"]
[Black "Pirmamedov, Roman"]
[Result "1-0"]
[WhiteElo "1990"]
[BlackElo "1806"]
[PlyCount "113"]
[EventDate "2012.09.03"]
[EventType "swiss"]
[EventRounds "9"]
[EventCountry "RUS"]
[SourceTitle "CBM 150 Extra"]
[Source "ChessBase"]
[SourceDate "2012.10.19"]
[SourceVersion "1"]
[SourceVersionDate "2012.10.19"]
[SourceQuality "1"]

1. Nf3 Nf6 2. d4 d6 3. c4 c6 4. Nc3 g6 5. e3 Bg7 6. Bd3 0-0 7. 0-0 Nbd7 8. b3 Re8 9. Ba3 a6 10. Qc2 b5 11. Rad1 Rb8 12. Bb2 bxc4 13. Bxc4 Nb6 14. Be2 Nbd5 15. Nxd5 cxd5 16. Rc1 Bf5 17. Qc7 a5 18. Nd2 a4 19. Ba3 axb3 20. axb3 Qxc7 21. Rxc7 Ra8 22. Ra1 Rec8 23. Rxc8+ Rxc8 24. Rc1 Rxc1+ 25. Bxc1 Ne4 26. Nxe4 dxe4 27. Ba3 Bd7 28. Ba6 e5 29. d5 Bf8 30. b4 f6 31. b5 Be7 32. Bb4 Bd8 33. Bxd6 Bb6 34. Kf1 Kf7 35. Ke2 Ke8 36. Kd2 Kd8 37. Kc3 Bc7 38. Bc5 Ba5+ 39. Bb4 Bb6 40. Kc4 Kc7 41. d6+ Kb8 42. Kd5 Ka7 43. Kxe4 Be6 44. g3 h6 45. f4 exf4 46. gxf4 Bh3 47. Kd5 Bd7 48. e4 g5 49. fxg5 hxg5 50. Bc3 f5 51. e5 f4 52. e6 f3 53. Be1 f2 54. Bxf2 Bxf2 55. exd7 Bb6 56. Ke6 g4 57. Ke7 1-0